000 00459nam a2200181Ia 4500
001 20540
005 20260306172813.0
008 260306t2016||||xx |||||||||||||| ||spa||
041 _aESP
082 _a343.4
_bC76
100 _aComoglio, Luigi Paolo
_eAUT
245 0 _aLa garantía constitucional de la acción y el proceso civil
260 _c2016
300 _a629 páginas :
_c24 cm.
650 _aGEN
654 _aCDE
942 _cLIB
_dJUS
_fJUS
_2ddc
_n
999 _c20540
_d20540